| 000 | 00686nam a22002291 4500 | ||
|---|---|---|---|
| 001 | 33423 | ||
| 003 | BD-RjUL | ||
| 005 | 20211209052015.0 | ||
| 008 | 140507r19631956miu 000 0 eng | ||
| 035 | _a(BD-RjUL)33514 | ||
| 040 |
_aDLC _cDLC _dBD-RjUL _beng |
||
| 041 | _aeng | ||
| 082 | 0 | 0 |
_a110 _bBUI 1963 |
| 100 | 1 |
_aBoulding, Kenneth E. _q(Kenneth Ewart), _d1910-1993. _96112 |
|
| 245 | 1 | 4 |
_aThe image : _bknowledge in life and society / _cKenneth E Boulding |
| 260 |
_aAnn Arbor : _bUniversity of Michigan Press, _cc1956 [printing 1963]. |
||
| 300 |
_a175 p. ; _c22 cm. |
||
| 650 | 0 |
_aForm (Philosophy) _989294 |
|
| 942 |
_2ddc _cBK |
||
| 999 |
_c33423 _d33423 |
||